[Event "Mataro op 12th"]
[Site "Mataro"]
[Date "2015.11.07"]
[Round "6.14"]
[White "Molina Villen, Francisco"]
[Black "Lozano Barrera, Emilio"]
[Result "1-0"]
[WhiteElo "1780"]
[BlackElo "1672"]
[PlyCount "61"]
[EventDate "2015.10.03"]
[EventType "swiss"]
[EventRounds "9"]
[EventCountry "ESP"]
[SourceTitle "EXT 2024"]
[Source "ChessBase"]
[SourceDate "2023.10.10"]
[SourceVersion "1"]
[SourceVersionDate "2023.10.10"]
[SourceQuality "1"]

1. e4 e5 2. Nf3 Nc6 3. Bc4 Nf6 4. d3 Be7 5. Nc3 Bb4 6. Ng5 Bxc3+ 7. bxc3 d5 8. exd5 Nxd5 9. Qf3 0-0 10. Bxd5 h6 11. Nxf7 Qe7 12. Nxh6+ Kh8 13. Nf7+ Rxf7 14. Qh5+ Kg8 15. 0-0 Be6 16. Bg5 Qd7 17. Be4 Bf5 18. f3 g6 19. Qh4 Rh7 20. Qg3 Rf8 21. Be3 Kg7 22. Rad1 Rfh8 23. Bxc6 bxc6 24. Qxe5+ Kg8 25. Bf4 Re7 26. Qc5 a6 27. Rde1 Rxe1 28. Rxe1 Rh7 29. Qc4+ Be6 30. Qxe6+ Qxe6 31. Rxe6 1-0

[Event "Mataro op 12th"]
[Site "Mataro"]
[Date "2015.10.17"]
[Round "3.15"]
[White "Ventura Vives, Pere"]
[Black "Lozano Barrera, Emilio"]
[Result "1/2-1/2"]
[WhiteElo "1704"]
[BlackElo "1672"]
[PlyCount "36"]
[EventDate "2015.10.03"]
[EventType "swiss"]
[EventRounds "9"]
[EventCountry "ESP"]
[SourceTitle "EXT 2024"]
[Source "ChessBase"]
[SourceDate "2023.10.10"]
[SourceVersion "1"]
[SourceVersionDate "2023.10.10"]
[SourceQuality "1"]

1. d4 d5 2. c4 e6 3. Nc3 Bb4 4. Bd2 Nf6 5. Nf3 Nc6 6. e3 a6 7. a3 Bxc3 8. Bxc3 Ne4 9. c5 Nxc3 10. bxc3 b6 11. cxb6 cxb6 12. Bd3 0-0 13. 0-0 Re8 14. Qc2 h6 15. Rfe1 e5 16. dxe5 Nxe5 17. Nxe5 Rxe5 18. Rac1 Qg5 1/2-1/2